عرض عادي
عرض مارك
- MATLAB.
مدخل عنوان موحد
عدد التسجيلات المستخدمة في: 12
001 - رقم الضبط
- حقل الضبط: 4913
003 - معرف رقم الضبط
- حقل الضبط: OSt
005 - تاريخ ووقت أخر عملية
- حقل الضبط: 20110928001854.0
008 - عناصر بيانات ثابتة الطول
- حقل تحكم ثابت الطول: 110928|||a|||||| | ||| d
040 ## - مصدر الفهرسة
- هيئة الفهرسة الأصلية: OSt
- وكالة الكتابة: OSt
130 ## - مدخل -- اسم مؤتمر
- العنوان الموحد: MATLAB.
670 ## - بيانات المصدر موجوده
- الاستشهاد بالمصدر: Work cat.: (OSt)890: Kharab, Abdelwahab. 4912, An introduction to numerical methods :, c2002.
